Αντισταθμιστική αγωγή : επιστημονικοπαιδαγωγικές, εκπαιδευτικοπολιτικές και οικονομικοκοινωνικές διαστάσεις μιας σύγχρονης Εκπαιδευτικής (Προσχολικής) Μεταρρύθμισης
Αποθηκεύτηκε σε:
| Κύριος συγγραφέας: | |
|---|---|
| Μορφή: | Βιβλίο |
| Γλώσσα: | Greek |
| Δημοσίευση: |
Αθήνα :
[χ.ό.],
1992
|
| Έκδοση: | εκδ. βελτιωμ. |
| Θέματα: | |
| Ετικέτες: |
Προσθήκη ετικέτας
Δεν υπάρχουν, Καταχωρήστε ετικέτα πρώτοι!
|
MARC
| LEADER | 00000cam a2200000 i 4500 | ||
|---|---|---|---|
| 001 | 1/100929 | ||
| 008 | 000204s1992 gr | ||| |||| ||gre|| | ||
| 020 | |a 960852380X (set) | ||
| 035 | |l 10057475 | ||
| 040 | |a GR-MY-UA |b gre |e aacr | ||
| 041 | 0 | |a gre | |
| 082 | 0 | |a 372.21 | |
| 100 | 1 | |a Ζαχαρενάκης, Κώστας Μ. | |
| 245 | 1 | 0 | |a Αντισταθμιστική αγωγή : |b επιστημονικοπαιδαγωγικές, εκπαιδευτικοπολιτικές και οικονομικοκοινωνικές διαστάσεις μιας σύγχρονης Εκπαιδευτικής (Προσχολικής) Μεταρρύθμισης / |c Κώστας Μ. Ζαχαρενάκης |
| 250 | |a εκδ. βελτιωμ. | ||
| 260 | |a Αθήνα : |b [χ.ό.], |c 1992 | ||
| 300 | |a ... τ. | ||
| 650 | 0 | 0 | |a Education, Preschool. |
| 852 | |a INST |b RHODES |e 20000204 |h 372.21 ΖΑΧ |p 005400015678 |q 005400015678 |t BK |y 0 | ||
| 901 | |a BIBL4-2000-1 | ||
| 909 | |a Ρ |b 053390 | ||
| 922 | |a 4ΕΛΗ |b 199801 |c ΚΠΣ/154 |d EMVASSIS | ||
| 970 | |z 2000/07/ΚΑΤΕΡΙΝΑ | ||
| 970 | |a ΚΟΥΛΑΚΙΟΤΗ |b ΛΙΤΣΑ |z 2000/02/04 | ||